000 00434nam a2200181Ia 4500
001 17384
005 20260306171513.0
008 260306s9999||||xx |||||||||||||| ||und||
041 _aESP
082 _a657.835
_bA48S
100 _aAlvarado Mairena, José
_eAUT
245 0 _aSistema nacional de tesorería
260 _c2015
300 _a436 páginas :
_c25 cm.
650 _aGEN
654 _aCCO
942 _cLIB
_dJUS
_fJUS
_2ddc
_n
999 _c17384
_d17384